• 首页
  • 本馆介绍
  • 公告通知
  • 最新文献
  • 馆藏检索
  • 电子资源
  • 读者导购
  • 参考咨询
  • 我的图书馆
  • 登录
  • 详细信息显示
  • 放入我的书架
  • 预约/预借图书
  • 作者相关作品
  • 分类相关作品
  • 丛书相关作品
  • 出版社相关作品

书目信息

  • 表格格式
  • 工作单格式
  • 卡片格式
题名:
图书馆信息资源建设发展研究
    
 
作者: 韩雨彤 , 常飞 著
分册:  
出版信息: 北京   应急管理出版社  2020
页数: 218页
开本: 24cm
丛书名:
单 册:
中图分类: G250.73
科图分类:
主题词: 图书馆--tu shu guan--信息资源--资源建设--研究
电子资源:
ISBN: 978-7-5020-8299-4
000 00866nam0 2200241 450
001 2159515307
005 20211011172912.0
010    @a978-7-5020-8299-4@dCNY68.00
100    @a20210224d2020 em y0chiy0120 ea
101 0  @achi
102    @aCN@b110000
105    @ay z 000yy
106    @ar
200 1  @a图书馆信息资源建设发展研究@Atu shu guan xin xi zi yuan jian she fa zhan yan jiu@f韩雨彤,常飞著
210    @a北京@c应急管理出版社@d2020
215    @a218页@d24cm
330    @a本书从图书馆信息资源建设的理论、组织管理、资源配置、共建共享等方面进行了阐述说明,既是对图书馆信息资源建设实践的总结,又是对未来建设趋势的探索。
606 0  @a图书馆@Atu shu guan@x信息资源@x资源建设@x研究
690    @aG250.73@v5
701  0 @a韩雨彤@Ahan yu tong@c(女)@4著
701  0 @a常飞@Achang fei@4著
801  0 @aCN@b百万庄@c20211009
905    @b1307876-79@dG250.73@e169@f4
    
    图书馆信息资源建设发展研究/韩雨彤,常飞著.-北京:应急管理出版社,2020
    218页;24cm
    
    
    ISBN 978-7-5020-8299-4:CNY68.00
    本书从图书馆信息资源建设的理论、组织管理、资源配置、共建共享等方面进行了阐述说明,既是对图书馆信息资源建设实践的总结,又是对未来建设趋势的探索。
●
相关链接 在E读中查询图书 在五车中查询图书 在当当中查询图书 在豆瓣中查询图书


正题名:图书馆信息资源建设发展研究     索取号:G250.73/169         预约/预借

序号 登录号 条形码 馆藏地/架位号 状态 备注
1 1307876   213078765   第一样本阅览室/ [索取号:G250.73/169] 在馆    
2 1307877   213078774   第四借阅区/ [索取号:G250.73/169] 在馆    
3 1307878   213078783   第四借阅区/ [索取号:G250.73/169] 在馆    
4 1307879   213078792   第四借阅区/ [索取号:G250.73/169] 在馆    
唐山师范学院图书馆 欢迎您!
大连网信软件有限公司© 版权所有